[Event "9th Hainan Danzhou GM"]
[Site "Danzhou CHN"]
[Date "2018.07.27"]
[Round "1.1"]
[White "Yu, Yangyi"]
[Black "Le, Quang Liem"]
[Result "1/2-1/2"]
[WhiteTitle "GM"]
[BlackTitle "GM"]
[WhiteElo "2762"]
[BlackElo "2728"]
[WhiteFideId "8603820"]
[BlackFideId "12401137"]
[EventDate "2018.07.27"]

1. d4 Nf6 2. c4 e6 3. g3 d5 4. Bg2 Bb4+ 5. Nd2 O-O 6. Nf3 dxc4 7. a3 Bxd2+ 8.
Bxd2 Nc6 9. e3 b5 10. b3 Bb7 11. bxc4 bxc4 12. Rc1 a5 13. Rxc4 Ne7 14. Rc5 Ne4
15. Rc1 Bd5 16. O-O Qd6 17. Ne5 Qxa3 18. Ra1 Qb2 19. Bxa5 Ng6 20. Qb1 Qxb1 21.
Rfxb1 Nxe5 22. dxe5 c6 23. f3 Nc5 24. Bb4 Nb3 25. Rxa8 Rxa8 26. e4 Bc4 27. Bf1
Bxf1 28. Rxb3 Bb5 29. Ra3 Rxa3 30. Bxa3 Kh8 31. Kf2 Kg8 32. Bc5 h5 33. h4 Ba4
34. Bb4 Bb5 35. Bc5 Ba4 36. Bb4 Bb5 37. Bc5 1/2-1/2

[Event "9th Hainan Danzhou GM"]
[Site "Danzhou CHN"]
[Date "2018.07.30"]
[Round "4.1"]
[White "Le, Quang Liem"]
[Black "Fedoseev, Vladimir3"]
[Result "1/2-1/2"]
[WhiteTitle "GM"]
[BlackTitle "GM"]
[WhiteElo "2728"]
[BlackElo "2707"]
[WhiteFideId "12401137"]
[BlackFideId "24130737"]
[EventDate "2018.07.27"]

1. e4 e5 2. Nf3 Nc6 3. d4 exd4 4. Nxd4 Bc5 5. Nb3 Bb6 6. Nc3 Nf6 7. Qe2 O-O 8.
Bg5 h6 9. Bh4 Nd4 10. Qd3 Nxb3 11. cxb3 g5 12. Bg3 d5 13. O-O-O c6 14. exd5 Nxd5
15. h4 Bg4 16. Be2 Bxe2 17. Qxe2 Nxc3 18. bxc3 Qf6 19. Rd3 Rfe8 20. Qd2 g4 21.
Rd6 Re6 22. Rxe6 fxe6 23. Re1 Rd8 24. Qc2 Rd5 25. Kb1 h5 26. Re2 Qf5 27. Kc1 Bc5
28. Qxf5 Rxf5 29. b4 Bb6 30. Rd2 Kf7 31. c4 Ke8 32. Kc2 Bd8 33. Re2 Kf7 34. Rd2
Ke8 35. Re2 Kf7 36. Rd2 Ke8 1/2-1/2

[Event "9th Hainan Danzhou GM"]
[Site "Danzhou CHN"]
[Date "2018.08.01"]
[Round "5.4"]
[White "Fedoseev, Vladimir3"]
[Black "Shankland, Samuel"]
[Result "1/2-1/2"]
[WhiteTitle "GM"]
[BlackTitle "GM"]
[WhiteElo "2707"]
[BlackElo "2727"]
[WhiteFideId "24130737"]
[BlackFideId "2004887"]
[EventDate "2018.07.27"]

1. d4 Nf6 2. c4 e6 3. Nf3 d5 4. g3 dxc4 5. Bg2 Bb4+ 6. Bd2 a5 7. a3 Bd6 8. Qa4+
Nc6 9. O-O O-O 10. Qxc4 e5 11. dxe5 Nxe5 12. Nxe5 Bxe5 13. Qc2 c6 14. Bc3 Qe7
15. Rd1 Re8 16. Bxe5 Qxe5 17. Nc3 Be6 18. Rd2 Nd7 19. Rad1 Nb6 20. Rd4 a4 21.
Qd3 Bb3 22. Rc1 Qe7 23. Ne4 Bd5 24. Rb4 Nc8 25. Nc5 Bxg2 26. Kxg2 Nd6 27. Rd4
Nb5 28. Re4 Qg5 29. e3 Rxe4 30. Nxe4 Qe5 31. Rd1 Nc7 32. Qc2 Nd5 33. Rd4 g6 34.
Nd2 f5 35. Nb1 Qf6 36. Nc3 Nxc3 37. Qxc3 Qe6 38. Qc5 b5 39. Rd6 Qe4+ 40. f3 Qc4
41. Qxc6 Qxc6 42. Rxc6 Rd8 43. Rc2 Rd3 44. Kf2 Rb3 45. g4 fxg4 46. fxg4 Kf7 47.
Kf3 b4 48. axb4 Rxb4 49. h3 Kf6 50. h4 h6 51. Rc6+ Kf7 52. Ra6 Kg7 53. Ra7+ Kf6
54. Ra5 Kf7 55. e4 g5 56. hxg5 hxg5 57. Rxg5 Rxb2 58. Ra5 Ra2 59. Kf4 a3 60. Kg5
Re2 61. Ra7+ Kf8 62. Kf5 a2 63. g5 Rf2+ 64. Kg6 Re2 65. e5 Rf2 66. Ra5 Rg2 67.
Kf6 Rf2+ 68. Ke6 Re2 69. Ra7 Rf2 70. g6 Rg2 71. g7+ Kg8 72. Kd5 Rd2+ 73. Ke4
Re2+ 74. Kd4 Rd2+ 75. Ke3 Rg2 76. Kd3 Rf2 77. Kc4 Re2 1/2-1/2

[Event "9th Hainan Danzhou GM"]
[Site "Danzhou CHN"]
[Date "2018.08.02"]
[Round "6.1"]
[White "Le, Quang Liem"]
[Black "Shankland, Samuel"]
[Result "1-0"]
[WhiteTitle "GM"]
[BlackTitle "GM"]
[WhiteElo "2728"]
[BlackElo "2727"]
[WhiteFideId "12401137"]
[BlackFideId "2004887"]
[EventDate "2018.07.27"]

1. d4 Nf6 2. c4 e6 3. Nf3 b6 4. g3 Bb7 5. Bg2 Bb4+ 6. Bd2 Be7 7. Nc3 c6 8. Bf4
d5 9. cxd5 Nxd5 10. O-O O-O 11. Qc2 Nxf4 12. gxf4 Nd7 13. Rfd1 Qc7 14. e3 Rfd8
15. Rac1 Rac8 16. f5 exf5 17. Qxf5 g6 18. Qh3 c5 19. d5 Bf6 20. Nd2 Qb8 21. Nde4
Bg7 22. Rc2 Nf8 23. Rcd2 Rd7 24. Qh4 Qe5 25. f4 Qe8 26. Kh1 f5 27. Ng5 Bxc3 28.
bxc3 Qxe3 29. Nf3 Qxc3 30. Ne5 Rg7 31. Qf6 Re8 32. Re2 Qb4 33. Ng4 fxg4 34. Rxe8
Rf7 35. Qe6 c4 36. Rf1 c3 37. f5 Kg7 38. f6+ Kg8 39. Qe7 1-0

[Event "9th Hainan Danzhou GM"]
[Site "Danzhou CHN"]
[Date "2018.08.02"]
[Round "6.2"]
[White "Yu, Yangyi"]
[Black "Fedoseev, Vladimir3"]
[Result "1-0"]
[WhiteTitle "GM"]
[BlackTitle "GM"]
[WhiteElo "2762"]
[BlackElo "2707"]
[WhiteFideId "8603820"]
[BlackFideId "24130737"]
[EventDate "2018.07.27"]

1. d4 d5 2. c4 e6 3. Nc3 a6 4. cxd5 exd5 5. Bf4 Nf6 6. e3 Bd6 7. Bg5 Be6 8. Bd3
Nbd7 9. f4 h6 10. Bh4 g5 11. fxg5 hxg5 12. Bxg5 Rxh2 13. Rxh2 Bxh2 14. Nge2 Bd6
15. Nf4 c5 16. Nh5 cxd4 17. exd4 Qe7 18. Kf1 O-O-O 19. Nxf6 Rh8 20. Qc2 Kd8 21.
Nfe4 f6 22. Nxd6 Qxd6 23. Be3 Qg3 24. Bg1 Rh1 25. Ne2 Qe3 26. Bf5 Nb6 27. b3
Rxg1+ 28. Nxg1 Qxd4 29. Rd1 Bxf5 30. Rxd4 Bxc2 31. Nf3 Kc7 32. Kf2 Kd6 33. Rg4
Nd7 34. Rg7 Bb1 35. a3 Be4 36. Nd4 b6 37. Ke3 a5 38. g3 Ne5 39. Rg8 Kd7 40. Rb8
Kc7 41. Re8 Kd6 42. Rc8 Kd7 43. Rf8 Kc7 44. Kd2 Nd7 45. Re8 Nc5 46. Ke3 Bg6 47.
Rg8 Be4 48. Rf8 Nd7 49. Re8 Nc5 50. b4 axb4 51. axb4 Kd7 52. Rg8 Nd3 53. Rg7+
Kc8 54. Nc6 Ne1 55. g4 Nc2+ 56. Kf4 Bg2 57. Rh7 b5 58. Rh2 Ne1 59. Kf5 Nf3 60.
Rxg2 Nh4+ 61. Kxf6 Nxg2 62. g5 Kd7 63. g6 Nf4 64. Nd4 Nh5+ 65. Kg5 Ng7 66. Nf5
Ne6+ 67. Kf6 Nc7 68. g7 Ne8+ 69. Ke5 1-0

[Event "9th Hainan Danzhou GM"]
[Site "Danzhou CHN"]
[Date "2018.08.03"]
[Round "7.4"]
[White "Shankland, Samuel"]
[Black "Yu, Yangyi"]
[Result "1/2-1/2"]
[WhiteTitle "GM"]
[BlackTitle "GM"]
[WhiteElo "2727"]
[BlackElo "2762"]
[WhiteFideId "2004887"]
[BlackFideId "8603820"]
[EventDate "2018.07.27"]

1. e4 e5 2. Nf3 Nf6 3. d4 Nxe4 4. Bd3 d5 5. Nxe5 Nd7 6. Nxd7 Bxd7 7. O-O Bd6 8.
Qh5 Qf6 9. Nc3 Qxd4 10. Be3 Qe5 11. Qxe5+ Bxe5 12. Nxd5 Nf6 13. Rae1 Nxd5 14.
Bd4 O-O-O 15. Bxe5 Nb4 16. Bxg7 Nxd3 17. cxd3 Rhg8 18. Be5 Bc6 19. f3 Rxd3 20.
Bg3 Re8 21. Rxe8+ Bxe8 22. Rc1 Bc6 23. Be5 Kd7 24. Rc4 Rd5 25. Bc3 Rf5 26. Rd4+
Ke7 27. a3 Bd7 28. Kf2 c5 29. Re4+ Be6 30. Ke3 Rd5 31. h3 b5 32. g4 f5 33. Rf4
fxg4 34. fxg4 h5 35. gxh5 Rxh5 36. h4 Rf5 37. Rxf5 Bxf5 38. h5 Be6 1/2-1/2